| Tag |
First Indicator |
Second Indicator |
Subfields |
| LEADER |
00000cam a2200000 a 4500 |
| 001 |
in00002362321 |
| 005 |
20220106092526.0 |
| 008 |
080211s2007 dcu f000 0 eng c |
| 035 |
|
|
|a (OCoLC)ocn182537823
|
| 040 |
|
|
|a GPO
|c GPO
|d GPO
|d MvI
|d UtOrBLW
|
| 042 |
|
|
|a pcc
|
| 043 |
|
|
|a n-us---
|
| 049 |
|
|
|a UDOC
|a WWW
|
| 050 |
1 |
4 |
|a KF31
|b .E58 2007h
|
| 074 |
|
|
|a 1008-C
|
| 074 |
|
|
|a 1008-C (online)
|
| 074 |
|
|
|a 1008-D (MF)
|
| 074 |
|
|
|a 1008-D (online)
|
| 086 |
0 |
|
|a Y 1.1/5:110-225
|
| 110 |
1 |
|
|a United States.
|b Congress.
|b Senate.
|b Committee on Environment and Public Works.
|
| 245 |
1 |
0 |
|a To establish a National Commission on the Infrastructure of the United States :
|b report (to accompany S. 775) (including cost estimate of the Congressional Budget Office).
|
| 264 |
|
1 |
|a [Washington, D.C.] :
|b [U.S. G.P.O.],
|c [2007]
|
| 300 |
|
|
|a 5 pages ;
|c 24 cm.
|
| 336 |
|
|
|a text
|b txt
|2 rdacontent
|
| 337 |
|
|
|a unmediated
|b n
|2 rdamedia
|
| 338 |
|
|
|a volume
|b nc
|2 rdacarrier
|
| 490 |
1 |
|
|a Report / 110th Congress, 1st session, Senate ;
|v 110-225
|
| 500 |
|
|
|a Caption title.
|
| 500 |
|
|
|a Distributed to some depository libraries in microfiche.
|
| 500 |
|
|
|a Shipping list number: 2008-0103-P.
|
| 500 |
|
|
|a "November 7, 2007."
|
| 500 |
|
|
|a Shipping List Date: 02/04/2008
|
| 530 |
|
|
|a Also available via Internet from the GPO Access web site. Addresses as of 11/27/07: http://frwebgate.access.gpo.gov/cgi-bin/getdoc.cgi?dbname=110%5Fcong%5Freports&docid=f:sr225.110 (text version), http://frwebgate.access.gpo.gov/cgi-bin/getdoc.cgi?dbname=110%5Fcong%5Freports&docid=f:sr225.pdf (PDF version) ; current access available via PURLs.
|
| 650 |
|
0 |
|a Infrastructure (Economics)
|z United States.
|
| 650 |
|
0 |
|a Public works
|z United States
|x Management.
|
| 650 |
|
0 |
|a Public works
|z United States
|x Maintenance and repair.
|
| 810 |
1 |
|
|a United States.
|b Congress.
|b Senate.
|t Report ;
|v 110-225.
|
| 856 |
4 |
1 |
|3 Text version
|u https://purl.fdlp.gov/GPO/LPS88225
|t 0
|
| 856 |
4 |
1 |
|3 PDF version
|u https://purl.fdlp.gov/GPO/LPS88226
|t 0
|
| 999 |
|
|
|a MARS
|
| 999 |
f |
f |
|s 2d85d450-c16c-3d55-81d4-35455f730075
|i 558e0999-39c6-3378-976d-e18e9229aa26
|t 0
|
| 952 |
f |
f |
|a Texas A&M University
|b College Station
|c Electronic Resources
|d Available Online
|t 0
|e Y 1.1/5:110-225
|h Superintendent of Documents classification
|
| 998 |
f |
f |
|a Y 1.1/5:110-225
|t 0
|l Available Online
|